000 00593nam a2200181Ia 4500
003 GCL
008 140319s9999 xx 000 0 ara d
040 _aGCL /
_cGCL
082 0 4 _a813.01
_bا و
100 1 _aابوالمعاطى ابوالنجا
245 1 0 _aالوهم والحقيقة : وقصص اخرى /
_cابوالمعاطى ابوالنجا
300 _a190 ص
490 _aقصص مختارة
_v0
650 0 4 _aالقصص القصيرة
650 0 4 _aالقصص العربية القصيرة
650 0 4 _aالادب العربى - العصر الحديث
942 _2ddc
_cBK
999 _c39813
_d39813